MDQL
is popping MORE tags! Check the
thread
!
Quizzes
Events
Quiz Creation
Community
Videos
Private Events
Remove Ads
Sign In
Join for FREE
Feedback
Dark Mode
Quiz Categories
Sports
Geography
Music
Movies
Television
Just For Fun
Miscellaneous
History
Literature
Language
Science
Gaming
Entertainment
Religion
Holiday
For Kids
Quiz Lab
Recent
Popular Today
Quiz Kudos Today
Editor Picks
Curator Picks
Quizzes by...
Day
Popularity
Type
Ratings
Length
Year
Community
Subscriptions
Recent Discussions
Orange Saloon
Badges
Playlists
Quests
Create
Leaderboards
Showdown
Live 5
Trivia Bingo
Activity
Puzzle Library
Sporcle Events
Private Events
Virtual Trivia
Globe League
Become a Host
Pub Owners
SporcleCon
Opinionation
Our Games
Videos
Blog
Mobile Apps
Partnerships
Remove Ads and Go Orange
Feedback
History
US Presidents
World Leaders
Politics
Nation
Discovery
War
Decade
Year
Century
Biography
Art
History
US Presidents
World Leaders
Politics
Nation
Discovery
War
Decade
Year
Century
Biography
Art
Random Quiz
Search Sporcle
×
Quiz Lab
Quiz Lab
History
Europe
Type in answers that appear in a list
Type in answers that appear in a list
Classic
Best Score? Go Orange.
'G' in European history Stats
Can you name the 'G' in European history?
By
lexmith
8m
20 Questions
481 Plays
481 Plays
481 Plays
Comments
Comments
Give Quiz Kudos
Give Quiz Kudos
-
- Ratings
hide this ad
Replay
Link that replays current quiz
Next Quiz
Link to next quiz in quiz playlist
You Got
0%
They Got
Avg Score
45%
Avg Friend Score
Upgrade to see
Score Distribution
Jump to the score distribution portion of the page
Score
0/20
Timer
08:00
1
Play Today
Hint
Answer
% Correct
Medieval Italian city state specializing in shipbuilding, trade and banking, famed for its mercenary crossbowmen
Genoa
84.6%
First name of Julius Caesar
Gaius
81.3%
Polish port, site of the Lenin Shipyard, the birthplace of the Solidarity (Solidarność) Union in 1980
Gdańsk
79.6%
Policy of ‘openness’ in Gorbachev’s Soviet Union in response to increasing criticism
Glasnost
75.8%
Basque town, savagely bombed by the Luftwaffe during the Spanish civil war
Guernica
73.8%
East Germanic People, playing an important role in the fall of the Western Roman Empire
Goths
71%
City in Spain, centre of the Moorish power for 400 years, site of Alhambra Palace
Granada
70.4%
Former Portuguese colony on the west coast of India (1510 – 1961)
Goa
68.1%
(Unexpected) European football champions in 2004
Greece
67.1%
Norwegian composer and pianist (1843 – 1907), composed 2 suites named after the clue above
Edvard Grieg
51.3%
Hint
Answer
% Correct
Treaty that ends the War of 1812 between Great Britain and the United States (1814)
Treaty of Ghent
46.7%
Title character of a play by the Henrik Ibsen, premiered in 1876
Peer Gynt
34.8%
Russian author, a founder of the socialist realism literary method: The Lower Depths, The Mother (1868–1936)
Maxim Gorky
30.2%
First Russian tsar (Surname) not from the Rurikid line (1598 -
1605), eponymous play by Pushkin
Boris Godunov
20.6%
Medieval Welsh kingdom between the Rivers Wye and Usk (5th – 11th c.)
Gwent
18.5%
Brother of Louis XIII of France, committed treason regularly, e.g. during the wars of the Fronde (1648–1653)
Gaston Duc d’Orleans
13.1%
Assassin of William ‘the Silent’ of Orange in 1584
Balthasar Gérard
9.8%
Dutch jurist, founded international law, formulated the principle that the sea was international territory (1583 – 1645)
Hugo Grotius
8.3%
Oldest known Slavic alphabet, created by Saint Cyril, a Byzantine monk from Thessaloniki (9th c.)
Glagolitic script
7.3%
Group of Thracian tribes occupying the lower Danube in Roman times
Getae
5.6%
Quiz Playlist
Details
Report
Send in Message
Add To Playlist
Classic:
Type in answers that appear in a list
Last Updated: Jul 27, 2023
Quiz Scoreboard
CHALLENGE
Sign Up to Join the Scoreboard
Show All
Scores
Hide
Comments
May contain spoilers
Recently Published
1-10 Letter E Words III
by El_Dandy
Language
2m
Street Fighter Characters
by Artimus82
Gaming
60s
College Basketball Coaching Resumes
by pancakes188
Sports
9m
More to Explore
Quiz From the Vault
Featured Blog Post
Where Did the Easter Bunny Come From?
hide this ad
You Might Also Like...
Tags
Europe Quiz
Football Quiz
Lawyer
Norway
Royalty
Russia
script
Spain
Wales
Today's Top Quizzes in History
Browse History
hide this ad
Today's Top Quizzes in Europe
Browse Europe
Top Contributed Quizzes in History
1
Popular People in 1991
2
Popular People in 1981
3
Popular People in 1951
4
Popular People in 1941
5
Popular People in 1986
6
Popular People in 1976
7
Popular People in 1921
8
5-to-1: 20th Century Images of War
9
I Am Born On March 28th
10
Popular People in 1946
Explore More
Trending Topics
Anime
NBA
Crossword
Disney
Harry Potter
Kpop
Marvel
Country
Puzzle
NFL
WWE
Pokémon
The Office
Soccer
Song
hide this ad
More By:
lexmith
Quiz
Plays
Rating
Category
Featured
Created
African Colonies on a Map
13,749
4.92
Geography
Oct 14, 2020
Former Capitals in Africa
13,295
4.88
Geography
Nov 2, 2020
Former US State Capitals
12,979
4.66
Geography
Oct 17, 2020
2 Clues 1 Answer - Literature
12,751
4.62
Literature
Jul 9, 2019
Provinces of the Roman Empire
12,218
4.93
Geography
Oct 10, 2020
Go to Creator's Profile
Score Distribution
Quiz Creator Spotlight
lexmith
Follow
Send a Message
Quizzes Created
-
Created Quiz Play Count
-
More By This Creator
Popular Quizzes Today
1
Find the US States - No Outlines Minefield
2
Find the Countries of Europe - No Outlines Minefield
3
The Countries of the World
4
Find the US States
5
Risky Map Clicking: Biggest States A-Z
6
US States
7
Popular People in 1961
8
Movies - When Are They Set?
More History Quizzes
On This Day: September 23rd II
Published
Trending Quizzes
Risky Map Clicking: Least Populous States A-Z
Billboard Blitz: Aretha Franklin
1-10 Letter G Words
Countries of the World: 200 Million BC
1-10 Letter F Words
Recently Updated
Leaping Animals
pecheneg
Reality TV Shows (A-Z)
bhenderson79
Rickey Henderson's Hall of Fame Teammates
pecheneg
Champions League XIs: Arsenal
pecheneg
Quick Pick: Celebrities in WWE's Hall of Fame
aduchscher
A-Z Keypad Blitz II
pecheneg
Multiple Oscar Actors
pecheneg
Mystery Phrase Blitz: Oscar 'Best Actors'
pecheneg
F. Scott Fitzgerald Novels
LTH
Pick 3 Villains
ddd62291
Trending Topics
Crossword
Disney
Marvel
NBA
Kpop
Anime
Harry Potter
The Office
Country
Song
Pokémon
Soccer
WWE
NFL
Puzzle
Your Account Isn't Verified!
In order to create a playlist on Sporcle, you need to verify the email address you used during registration. Go to your
Sporcle Settings
to finish the process.
Report this User
Report this user for behavior that violates our
Community Guidelines
.
Details:
Send Report
Go to the Sporcle.com Mobile Site →
Comments